| 000 | 00996nam a2200289 a 4500 | ||
|---|---|---|---|
| 001 | 000011731 | ||
| 003 | DO-SdBNP | ||
| 005 | 20250717074015.0 | ||
| 008 | 091027s1985 dr 000 j spa d | ||
| 040 |
_aDO-SdBNP _bspa _cBNPHU _erda |
||
| 041 | _hspa | ||
| 082 | 4 |
_aRD863.44 _bA445s _222 |
|
| 100 | 1 |
_aAlmánzar Rodríguez, Armando. _914461 |
|
| 245 | 1 | 0 |
_aSelva de agujeros negros para Chichi la Salsa / _cArmando Almanzar R. |
| 264 | 4 |
_aSanto Domingo : _bBiblioteca Nacional Pedro Henríquez Ureña (BNPHU), _c©1985 |
|
| 300 |
_a147 páginas ; _c21 cm. |
||
| 336 |
_atexto _btxt _2rdacontent |
||
| 337 |
_asin mediación _bn _2rdamedia |
||
| 338 |
_avolumen _bnc _2rdacarrier |
||
| 490 | 0 |
_aColección Orfeo ; _v22 |
|
| 590 | _aInventariado, 2019 / DG | ||
| 650 | 7 |
_aCuentos dominicanos _9176 _2LEMB |
|
| 650 | 7 |
_aLiteratura dominicana. _967 _2LEMB |
|
| 710 | 2 |
_aBiblioteca Nacional Pedro Henríquez Ureña _981292 |
|
| 910 | _aValidado. Control de calidad MFF | ||
| 942 |
_2ddc _cLBS1 |
||
| 999 |
_c11406 _d11406 |
||